[Event "Challenge"]
[Site "http://www.queenalice.com/game.php?id=1355016"]
[Date "2015.4.22"]
[Round "-"]
[White "obelisksoldier"]
[Black "adelio"]
[Result "0-1"]
[WhiteElo "1909"]
[BlackElo "1767"]

1. e4 a6 2. Nf3 c5 3. g3 Nc6 4. d3 e5 5. Bg2 Be7 6. Nbd2 b5 7. c3 d6 8. O-O h5
9. h4 Nh6 10. Nh2 Ng4 11. Bf3 g5 12. Nxg4 hxg4 13. Bxg4 gxh4 14. Bf5 Bxf5 15.
exf5 Kd7 16. Ne4 d5 17. f6 dxe4 18. fxe7 Kxe7 19. Bg5+ f6 20. Bxh4 Qd7 21. Kg2
Rag8 22. Rh1 Qf5 23. dxe4 Qxe4+ 24. Qf3 Rxh4 25. Rxh4 Qxh4 26. Qxc6 Qg4 27.
Qxc5+ Kf7 28. Qa7+ Kg6 29. Qe3 Rh8 30. Rh1 Rxh1 31. Kxh1 Qd1+ 32. Kg2 Qd5+ 33.
Kg1 Qxa2 34. Qe4+ Kf7 35. Qh7+ Ke8 36. Qh8+ Ke7 37. Qg7+ Qf7 38. Qxf7+ Kxf7 39.
b4 Ke6 40. f3 Kd5 41. Kf2 Kc4 42. Ke3 Kxc3 43. Ke4 Kxb4 44. f4 exf4 45. gxf4 Kc5
46. Kf5 b4 47. Kxf6 b3 0-1

[Event "AUTO-ADV-3398"]
[Site "http://www.queenalice.com/game.php?id=1355204"]
[Date "2015.4.23"]
[Round "1"]
[White "Maniusiek"]
[Black "obelisksoldier"]
[Result "1-0"]
[WhiteElo "1879"]
[BlackElo "1899"]

1. e4 d6 2. d4 Nf6 3. Nc3 g6 4. Bg5 Bg7 5. Qd2 h6 6. Bf4 c6 7. h3 Nbd7 8. Nf3 b5
9. a3 a6 10. e5 Nh5 11. Bh2 dxe5 12. dxe5 g5 13. O-O-O O-O 14. Nxg5 e6 15. Nge4
f5 16. Nc5 Ra7 17. Nxe6 Qe7 18. Nxf8 Bxf8 19. g4 b4 20. axb4 Qxb4 21. gxh5 Rb7
22. Rg1+ Kh8 23. b3 Qa3+ 24. Kb1 Nc5 25. Bc4 Na4 26. Nxa4 Qxa4 27. Qd8 Qxc4 28.
Qxf8+ 1-0

[Event "AUTO-ADV-3398"]
[Site "http://www.queenalice.com/game.php?id=1355205"]
[Date "2015.4.23"]
[Round "1"]
[White "obelisksoldier"]
[Black "Maniusiek"]
[Result "0-1"]
[WhiteElo "1918"]
[BlackElo "1850"]

1. e4 e5 2. f4 exf4 3. Nf3 d6 4. d4 g5 5. h4 g4 6. Ng1 Bh6 7. Nc3 c6 8. Nge2 Qf6
9. g3 f3 10. Nf4 Nd7 11. e5 dxe5 12. Ne4 Qe7 13. dxe5 Qxe5 14. Bd3 f5 15. O-O
fxe4 16. Bxe4 Nc5 17. Bxf3 gxf3 18. Re1 f2+ 19. Kxf2 Ne4+ 20. Kg2 Ngf6 0-1

[Event "AUTO-ADV-3398"]
[Site "http://www.queenalice.com/game.php?id=1355218"]
[Date "2015.4.23"]
[Round "1"]
[White "MariusLola"]
[Black "obelisksoldier"]
[Result "0-1"]
[WhiteElo "1946"]
[BlackElo "1887"]

1. d4 Nf6 2. c4 g6 3. Nf3 Bg7 4. g3 O-O 5. Bg2 d6 6. O-O Na6 7. d5 Ne4 8. Nd4
Nac5 9. b4 e5 10. bxc5 exd4 11. Bb2 Nc3 12. Bxc3 dxc3 13. Qc2 Re8 14. cxd6 Qxd6
15. e3 Qc5 16. a4 Qxc4 17. Ra3 Bf5 18. Rxc3 Bxc3 19. Qxc3 Qxc3 20. Nxc3 Bd7 21.
Rb1 Rab8 22. e4 c6 23. Ra1 c5 24. a5 b6 25. axb6 axb6 26. Bf1 b5 27. Ra5 b4 28.
Nb1 Rxe4 29. Rxc5 Rd4 30. Be2 Bf5 31. Rc1 Rxd5 32. Bd1 b3 0-1

[Event "AUTO-ADV-3398"]
[Site "http://www.queenalice.com/game.php?id=1355219"]
[Date "2015.4.23"]
[Round "1"]
[White "obelisksoldier"]
[Black "MariusLola"]
[Result "1-0"]
[WhiteElo "1882"]
[BlackElo "1891"]

1. e4 e5 2. f4 exf4 3. Nf3 g5 4. Bc4 g4 5. O-O gxf3 6. Qxf3 Qf6 7. Nc3 Qd4+ 8.
Kh1 Qxc4 9. Nd5 Qxc2 10. Qxf4 Bd6 11. Qxf7+ Kd8 12. Qf8+ Bxf8 13. Rxf8# 1-0

[Event "AUTO-ADV-3398"]
[Site "http://www.queenalice.com/game.php?id=1355226"]
[Date "2015.4.23"]
[Round "1"]
[White "kuntakinte"]
[Black "obelisksoldier"]
[Result "1-0"]
[WhiteElo "1768"]
[BlackElo "1930"]

1. e4 e5 2. d3 g6 3. Nf3 Bg7 4. c3 Ne7 5. d4 exd4 6. cxd4 O-O 7. e5 d6 8. Bc4 d5
9. Bd3 Nbc6 10. Bb5 Bg4 11. O-O a6 12. Bxc6 Nxc6 13. Re1 h6 14. h3 Bf5 15. Nc3
Nb4 16. Re2 b6 17. g4 Bd3 18. Rd2 Be4 19. a3 Nc6 20. b4 Ne7 21. Qe2 Bxf3 22.
Qxf3 c6 23. Re2 Qd7 24. a4 Rae8 25. Ba3 b5 26. axb5 axb5 27. Rae1 Nc8 28. Qd3
Kh7 29. Bc1 Nb6 30. Qg3 Qe7 31. Bf4 Qe6 32. Nb1 Na8 33. Nd2 Nc7 34. Nf3 Qe7 35.
g5 h5 36. Re3 Qxb4 37. R3e2 Ne6 38. Bd2 Qe7 39. Rb1 Ra8 40. Bb4 Qa7 41. Bxf8
Bxf8 42. Rd2 b4 43. Rdd1 Qb7 44. Rd2 Ra3 45. Qg2 Qa7 46. h4 1-0

[Event "AUTO-ADV-3398"]
[Site "http://www.queenalice.com/game.php?id=1355227"]
[Date "2015.4.23"]
[Round "1"]
[White "obelisksoldier"]
[Black "kuntakinte"]
[Result "1-0"]
[WhiteElo "1909"]
[BlackElo "1796"]

1. e4 e5 2. f4 exf4 3. Nf3 Nc6 4. d4 d5 5. e5 Bg4 6. c3 a6 7. Bxf4 b5 8. Nbd2 h6
9. Bd3 b4 10. O-O bxc3 11. bxc3 Nge7 12. Qe2 Ng6 13. Bg3 Be7 14. Bxa6 O-O 15.
Bb7 Qd7 16. Bxa8 Rxa8 17. Qf2 Ba3 18. Nb3 Qe7 19. h3 Bf5 20. Nc5 f6 21. Nh4 Nxh4
22. Bxh4 Nxe5 23. Qxf5 Nf7 24. Rfe1 Qf8 25. Qxd5 Rd8 26. Qc4 Bxc5 27. Qxc5 Nd6
28. a4 Qf7 29. a5 Nb7 30. Qc6 Nd6 31. a6 Nc8 32. a7 Nb6 33. a8=Q Nxa8 34. Rxa8
Rxa8 35. Qxa8+ Kh7 36. Qe4+ Kh8 37. Qe8+ Qxe8 38. Rxe8+ Kh7 39. Bg3 c6 40. Rc8
1-0

[Event "OS INCLIVEIS"]
[Site "http://www.queenalice.com/game.php?id=1355285"]
[Date "2015.4.23"]
[Round "-"]
[White "obelisksoldier"]
[Black "adelio"]
[Result "1-0"]
[WhiteElo "1898"]
[BlackElo "1771"]

1. e4 a6 2. Nf3 c5 3. c3 Nc6 4. d4 e6 5. Bf4 Be7 6. a4 d6 7. Be2 h5 8. h4 cxd4
9. cxd4 Nf6 10. Nc3 Ng4 11. Ng5 Nxf2 12. Kxf2 g6 13. Be3 f6 14. Nxe6 Bxe6 15. d5
Bg4 16. dxc6 f5 17. g3 bxc6 18. Kg2 g5 19. exf5 d5 20. Bxg4 hxg4 21. Qxg4 Rb8
22. Rab1 c5 23. Bxg5 d4 24. Ne4 Qd5 25. Kh2 Rg8 26. Bxe7 Kxe7 27. Qf4 Rbc8 28.
Rhe1 Kf8 29. Qh6+ Rg7 30. f6 Qd7 31. fxg7+ Qxg7 32. Rf1+ Kg8 33. Nf6+ Qxf6 34.
Rxf6 Rb8 35. Rg6+ Kf7 36. Rf1+ Ke7 37. Qg7+ Kd8 38. Rf8# 1-0

[Event "Challenge"]
[Site "http://www.queenalice.com/game.php?id=1357840"]
[Date "2015.5.6"]
[Round "-"]
[White "Magogue"]
[Black "obelisksoldier"]
[Result "0-1"]
[WhiteElo "1208"]
[BlackElo "1907"]

1. e4 e5 2. f4 exf4 3. Bc4 Nf6 4. d3 Bd6 5. Qe2 Nc6 6. Nf3 Qe7 7. Nc3 a6 8. O-O
O-O 9. d4 Nxd4 10. Nxd4 Bc5 11. Rd1 Qe5 12. Rf1 Bxd4+ 13. Kh1 Bxc3 0-1

[Event "Challenge"]
[Site "http://www.queenalice.com/game.php?id=1357841"]
[Date "2015.5.6"]
[Round "-"]
[White "obelisksoldier"]
[Black "Magogue"]
[Result "1-0"]
[WhiteElo "1905"]
[BlackElo "1210"]

1. e4 e5 2. f4 d5 3. exd5 exf4 4. Nf3 Nf6 5. d4 Nxd5 6. Qd3 Nc6 7. Be2 Bd6 8.
O-O Be6 9. a3 Qf6 10. c4 Bf5 11. Qd1 Ne3 12. Bxe3 fxe3 13. Nc3 Qd8 14. Nd5 O-O
15. Nxe3 Bg6 16. Nd5 Re8 17. Bd3 Bxd3 18. Qxd3 1-0